面積ワースト100(2000年) - Statistics

General Stats
  • This quiz has been taken 22 times
  • The average score is 72 of 100
Answer Stats
順位 都道府県 所属郡 面積 Answer % Correct
9 富山県 中新川郡 3.47 舟橋村
94%
37 東京都 - 5.98 青ヶ島村
94%
4 岐阜県 可児郡 2.61 兼山町
88%
5 三重県 南牟婁郡 2.88 鵜殿村
88%
12 大阪府 泉南郡 3.86 田尻町
88%
18 東京都 - 4.12 利島村
88%
19 鳥取県 西伯郡 4.16 日吉津村
88%
27 埼玉県 - 5.10 蕨市
88%
45 神奈川県 足柄上郡 6.56 開成町
88%
49 東京都 - 6.80 田無市
88%
55 岡山県 都窪郡 7.61 早島町
88%
62 岐阜県 羽島郡 7.90 岐南町
88%
72 奈良県 北葛城郡 8.27 河合町
88%
86 静岡県 駿東郡 8.84 清水町
88%
90 東京都 - 9.05 保谷市
88%
7 愛知県 西春日井郡 3.36 西枇杷島町
82%
16 大阪府 泉北郡 4.03 忠岡町
82%
22 奈良県 生駒郡 4.33 安堵町
82%
28 岐阜県 本巣郡 5.17 北方町
82%
29 愛知県 西春日井郡 5.25 清洲町
82%
36 京都府 乙訓郡 5.97 大山崎町
82%
38 三重県 三重郡 5.99 朝日町
82%
43 東京都 - 6.39 狛江市
82%
47 愛知県 海部郡 6.58 大治町
82%
48 大分県 東国東郡 6.79 姫島村
82%
51 奈良県 北葛城郡 7.00 王寺町
82%
57 京都府 - 7.67 向日市
82%
59 岐阜県 羽島郡 7.77 柳津町
82%
67 香川県 綾歌郡 8.07 宇多津町
82%
69 東京都 - 8.15 国立市
82%
82 三重県 三重郡 8.71 川越町
82%
92 神奈川県 中郡 9.08 二宮町
82%
93 兵庫県 加古郡 9.09 播磨町
82%
96 福島県 伊達郡 9.22 伊達町
82%
1 長崎県 西彼杵郡 1.27 高島町
76%
8 岐阜県 安八郡 3.39 墨俣町
76%
17 奈良県 磯城郡 4.07 三宅町
76%
21 山梨県 南都留郡 4.26 勝山村
76%
34 奈良県 磯城郡 5.94 川西町
76%
35 和歌山県 東牟婁郡 5.96 太地町
76%
40 奈良県 北葛城郡 6.14 上牧町
76%
41 愛知県 西春日井郡 6.19 豊山町
76%
42 埼玉県 - 6.22 鳩ヶ谷市
76%
45 高知県 安芸郡 6.56 田野町
76%
52 神奈川県 足柄下郡 7.02 真鶴町
76%
58 三重県 三重郡 7.76 楠町
76%
61 埼玉県 入間郡 7.86 大井町
76%
73 埼玉県 - 8.29 与野市
76%
77 香川県 仲多度郡 8.46 琴平町
76%
81 福岡県 糟屋郡 8.70 志免町
76%
83 徳島県 板野郡 8.77 北島町
76%
84 奈良県 生駒郡 8.80 三郷町
76%
95 山梨県 中巨摩郡 9.15 昭和町
76%
2 高知県 香美郡 1.64 赤岡町
71%
3 長崎県 西彼杵郡 2.25 伊王島町
71%
6 愛媛県 越智郡 3.17 魚島村
71%
10 沖縄県 島尻郡 3.74 渡名喜村
71%
10 群馬県 多野郡 3.74 新町
71%
24 長崎県 西彼杵郡 4.49 香焼町
71%
25 静岡県 浜名郡 4.63 舞阪町
71%
31 福岡県 築上郡 5.60 吉富町
71%
50 埼玉県 - 6.81 上福岡市
71%
60 滋賀県 犬上郡 7.78 豊郷町
71%
87 大阪府 - 8.89 藤井寺市
71%
88 岡山県 浅口郡 9.01 寄島町
71%
91 埼玉県 - 9.06 志木市
71%
97 愛知県 海部郡 9.33 甚目寺町
71%
98 滋賀県 東浅井郡 9.45 虎姫町
71%
14 三重県 一志郡 3.90 香良洲町
65%
15 愛知県 西春日井郡 4.01 春日町
65%
20 高知県 香美郡 4.25 吉川村
65%
26 愛知県 西春日井郡 4.70 新川町
65%
32 富山県 射水郡 5.80 下村
65%
39 三重県 度会郡 6.05 御薗村
65%
56 沖縄県 島尻郡 7.62 粟国村
65%
63 富山県 射水郡 7.96 大島町
65%
64 岐阜県 羽島郡 8.02 川島町
65%
68 福岡県 宗像郡 8.12 大島村
65%
69 静岡県 浜名郡 8.15 雄踏町
65%
74 愛知県 海部郡 8.33 七宝町
65%
43 石川県 河北郡 6.39 七塚町
59%
53 佐賀県 東松浦郡 7.28 呼子町
59%
75 愛知県 西春日井郡 8.39 師勝町
59%
85 愛知県 中島郡 8.83 平和町
59%
99 岡山県 都窪郡 9.50 清音村
59%
100 愛知県 葉栗郡 9.51 木曽川町
59%
13 愛媛県 越智郡 3.87 生名村
53%
23 沖縄県 島尻郡 4.45 与那原町
53%
30 愛媛県 越智郡 5.52 関前村
53%
33 埼玉県 北埼玉郡 5.82 南河原村
53%
65 山梨県 中巨摩郡 8.04 八田村
53%
65 福岡県 田川郡 8.04 糸田町
53%
79 鹿児島県 薩摩郡 8.68 鹿島村
53%
54 福岡県 田川郡 7.46 金田町
47%
78 徳島県 那賀郡 8.52 羽ノ浦町
47%
79 広島県 安芸郡 8.68 下蒲刈町
47%
89 新潟県 西蒲原郡 9.04 月潟村
41%
94 石川県 石川郡 9.12 美川町
41%
76 福岡県 嘉穂郡 8.45 碓井町
35%
71 山梨県 中巨摩郡 8.22 玉穂町
24%
No matching quizzes found
Score Distribution
Percent of People with Each Score
Percentile by Number Answered
Your Score History
You have not taken this quiz